[Event "2nd GMA World Cup prel  #3"]
[Site "Palma de Mallorca"]
[Date "1989.??.??"]
[Round "4"]
[White "Gurevich, Dmitry"]
[Black "Smyslov, Vassily"]
[Result "1/2-1/2"]
[WhiteElo "2490"]
[BlackElo "2570"]
[EventDate "1989.12.??"]
[PlyCount "90"]

1.d4 Nf6 2.c4 e6 3.Nc3 Bb4 4.e3 c5 5.Ne2 cxd4 6.exd4 O-O 7.a3 Be7 8.g3 d5 
9.c5 a5 10.Bf4 Nc6 11.Rc1 b6 12.cxb6 Qxb6 13.Na4 Qb7 14.Bg2 Bd7 15.O-O 
Rfc8 16.Rc3 Qb5 17.Re1 Ne4 18.Bxe4 dxe4 19.Nc5 Bxc5 20.dxc5 Be8 21.Qc2 e5 
22.Rb3 Qa6 23.Bc1 a4 24.Rb6 Qd3 25.Qc3 f5 26.f4 Qxc3 27.bxc3 Na5 28.fxe5 
Rxc5 29.e6 Nc4 30.Rb7 Na5 31.Rb6 Rac8 32.Be3 R5c7 33.Bf4 Rc5 34.Bd6 R5c6 
35.Rxc6 Rxc6 36.Bb4 Nb3 37.e7 g5 38.Rd1 Kf7 39.Rd5 Rf6 40.Nd4 Nxd4 41.Rxd4
e3 42.Bd6 Bb5 43.Rd5 Bc6 44.Rd4 Bb5 45.Rd5 Bc6 1/2-1/2

[Event "2nd GMA World Cup prel  #3"]
[Site "Palma de Mallorca"]
[Date "1989.??.??"]
[Round "4"]
[White "Kudrin, Sergei"]
[Black "Gufeld, Eduard"]
[Result "1/2-1/2"]
[WhiteElo "2570"]
[BlackElo "2490"]
[EventDate "1989.12.??"]
[PlyCount "133"]

1.e4 c5 2.Nf3 d6 3.d4 cxd4 4.Nxd4 Nf6 5.Nc3 Nc6 6.Bg5 Qb6 7.Nb3 e6 8.Bf4 
Ne5 9.Be3 Qc7 10.f4 Nc6 11.g4 a6 12.g5 Nd7 13.Qd2 b5 14.O-O-O Be7 15.h4 
Nc5 16.Bg2 b4 17.Ne2 Nxb3+ 18.cxb3 Nd4+ 19.Kb1 Nxe2 20.Qxe2 O-O 21.Qf2 Bb7
22.f5 exf5 23.exf5 Rfe8 24.f6 Bf8 25.Bd4 Bxg2 26.Qxg2 Rac8 27.fxg7 Bxg7 
28.Bxg7 Kxg7 29.Qf2 Kg8 30.Rhf1 Re7 31.h5 Qc6 32.h6 Qe4+ 33.Ka1 Rec7 34.
Qf6 Qe5 35.Rfe1 Rc5 36.a4 Qxf6 37.gxf6 d5 38.Kb1 R5c6 39.Rf1 Rd8 40.Rd4 a5
41.Rf5 Rc5 42.Rg4+ Kh8 43.Rg7 Rc7 44.Re5 Rdc8 45.Re7 Rc1+ 46.Ka2 Rh1 47.
Rexf7 Rxh6 48.Rg5 Rg6 49.Rxd5 Kg8 50.Rb7 Ra8 51.Rf5 h6 52.Rbb5 Rg5 53.
Rxg5+ hxg5 54.Rxg5+ Kf7 55.Rf5 Ke6 56.Rf3 Rf8 57.Re3+ Kxf6 58.Kb1 Rh8 59.
Re2 Rc8 60.Re4 Rc5 61.Re8 Kf7 62.Re4 Kf6 63.Rc4 Rf5 64.Rc6+ Ke5 65.Kc2 
Rf2+ 66.Kd3 Rxb2 67.Rc5+ 1/2-1/2

[Event "2nd GMA World Cup prel  #3"]
[Site "Palma de Mallorca"]
[Date "1989.??.??"]
[Round "4"]
[White "Kuzmin, Gennady"]
[Black "Vladimirov, Evgeny"]
[Result "1-0"]
[WhiteElo "2495"]
[BlackElo "2565"]
[EventDate "1989.12.??"]
[PlyCount "83"]

1.e4 e6 2.d4 d5 3.Nc3 Bb4 4.e5 c5 5.Qg4 Ne7 6.dxc5 Bxc3+ 7.bxc3 O-O 8.Bd3 
Ng6 9.Nf3 f5 10.exf6 Qxf6 11.O-O e5 12.Qh5 Bf5 13.Bxf5 Qxf5 14.Qxf5 Rxf5 
15.Rd1 Ne7 16.Rb1 b6 17.cxb6 axb6 18.Rxb6 Nbc6 19.a3 h6 20.h3 Rff8 21.Re1 
e4 22.Nd2 Ra4 23.c4 Nd4 24.Bb2 Nxc2 25.Rc1 e3 26.fxe3 Nxe3 27.Re6 Rb8 28.
Bxg7 N7f5 29.Be5 Rd8 30.g4 dxc4 31.Nf3 Rxa3 32.gxf5 Nxf5 33.Rf1 c3 34.Nh4 
c2 35.Nxf5 Rd1 36.Bb2 Rb3 37.Re8+ Kf7 38.Re7+ Kf8 39.Bc1 Rf3 40.Ree1 Rxe1 
41.Rxe1 Rxf5 42.Rf1 1-0

[Event "2nd GMA World Cup prel  #3"]
[Site "Palma de Mallorca"]
[Date "1989.??.??"]
[Round "4"]
[White "Razuvaev, Yury"]
[Black "Romanishin, Oleg"]
[Result "1/2-1/2"]
[WhiteElo "2545"]
[BlackElo "2515"]
[EventDate "1989.12.??"]
[PlyCount "200"]

1.d4 Nf6 2.c4 e6 3.Nf3 c5 4.d5 d6 5.Nc3 exd5 6.cxd5 g6 7.g3 Bg7 8.Bg2 O-O 
9.O-O Re8 10.h3 Na6 11.Bf4 Nc7 12.a4 Ne4 13.Nxe4 Rxe4 14.Nd2 Rb4 15.b3 b5 
16.Ra2 a5 17.Qc1 Ba6 18.Ne4 Ne8 19.axb5 Bxb5 20.Qc2 c4 21.bxc4 Bxc4 22.Ra3
Bxd5 23.Bg5 Qd7 24.Bd2 Rc8 25.Qd3 Rd4 26.Qe3 Qb7 27.f3 Bxe4 28.fxe4 Be5 
29.Bxa5 Rdc4 30.Kh1 Nf6 31.Be1 Rc1 32.Rb3 Qa6 33.Qd3 Qa1 34.Ra3 Qb2 35.Rb3
Qa1 36.Ra3 Qd4 37.Qxd4 Bxd4 38.Ra4 Be5 39.Bf2 R1c4 40.Rxc4 Rxc4 41.Bf3 
Nxe4 42.Kg2 h5 43.Rb1 Kg7 44.Rb7 Ra4 45.Rc7 Kf6 46.Rb7 Ke6 47.Be1 Rc4 48.
Rb8 Nf6 49.Bd2 Ne4 50.Be1 Ng5 51.Bd2 Nxf3 52.Kxf3 h4 53.g4 f6 54.Rb3 Rc2 
55.Rd3 Ra2 56.Be1 g5 57.Bf2 Ra1 58.Kg2 Rb1 59.Bg1 Kd7 60.Bf2 Kc6 61.Kf3 
Rh1 62.Kg2 Ra1 63.Kf3 Kb5 64.Kg2 Kc4 65.Kf3 d5 66.Kg2 d4 67.Kf3 Rf1 68.Kg2
Rc1 69.Kf3 Rc2 70.Bg1 Kd5 71.Bf2 Rc3 72.Be1 Kc4 73.Ke4 Rc2 74.Kf3 Bg3 75.
Ba5 Ra2 76.Bd2 Ra8 77.Ke4 Re8+ 78.Kf3 Bf4 79.Be1 Be3 80.Bf2 Bxf2 81.Kxf2 
Re4 82.Kf3 Rf4+ 83.Kg2 f5 84.gxf5 Rxf5 85.Ra3 Rb5 86.Rf3 Re5 87.Kf2 Kd5 
88.Ra3 Rf5+ 89.Kg2 Ke4 90.Rb3 Rc5 91.Rb8 Rc2 92.Re8+ Kf5 93.Kf3 d3 94.exd3
Rh2 95.Rf8+ Kg6 96.Rg8+ Kf5 97.Rf8+ Kg6 98.Rg8+ Kf6 99.Kg4 Rg2+ 100.Kh5 
Rg3 1/2-1/2

[Event "2nd GMA World Cup prel  #3"]
[Site "Palma de Mallorca"]
[Date "1989.??.??"]
[Round "4"]
[White "Hector, Jonny"]
[Black "Gavrikov, Viktor"]
[Result "0-1"]
[WhiteElo "2500"]
[BlackElo "2555"]
[EventDate "1989.12.??"]
[PlyCount "80"]

1.e4 c5 2.Nf3 d6 3.d4 Nf6 4.Nc3 cxd4 5.Nxd4 a6 6.Bg5 e6 7.f4 Qb6 8.Bxf6 
gxf6 9.Be2 Nc6 10.Nb3 Qe3 11.Rf1 Bd7 12.Rf3 Qg1+ 13.Bf1 Qxh2 14.Qd2 Qh4+ 
15.g3 Qh5 16.Qf2 Be7 17.O-O-O Na5 18.Nd4 Nc6 19.f5 Rc8 20.g4 Qg5+ 21.Kb1 
Ne5 22.Rh3 b5 23.Nce2 Nxg4 24.Qg3 h5 25.Rh4 Ne3 26.Re1 e5 27.Nf3 Qxg3 28.
Nxg3 Nxc2 29.Re2 Nb4 30.Nxh5 Rg8 31.Nh2 Nd3 32.Rc2 Rxc2 33.Kxc2 Nf2 34.a4 
Bc6 35.axb5 axb5 36.Kb3 Rg1 37.Kb4 d5+ 38.Ka5 dxe4 39.Kb6 Kd7 40.Bxb5 Bd8+
0-1

[Event "2nd GMA World Cup prel  #3"]
[Site "Palma de Mallorca"]
[Date "1989.??.??"]
[Round "4"]
[White "Tukmakov, Vladimir"]
[Black "Knaak, Rainer"]
[Result "1-0"]
[WhiteElo "2565"]
[BlackElo "2485"]
[EventDate "1989.12.??"]
[PlyCount "95"]

1.d4 e6 2.c4 f5 3.g3 Nf6 4.Bg2 Be7 5.Nf3 O-O 6.O-O d5 7.b3 Bd7 8.Ba3 Bxa3 
9.Nxa3 Qe7 10.Qc1 Be8 11.Qb2 Nc6 12.e3 Ne4 13.Ne1 g5 14.f3 Nf6 15.Nd3 Bg6 
16.f4 Ne4 17.Rac1 h5 18.fxg5 Qxg5 19.Nf4 Bf7 20.cxd5 exd5 21.Nc2 h4 22.
gxh4 Qxh4 23.Ne1 Qe7 24.Rf3 Kg7 25.Ned3 Rh8 26.Nc5 Rh6 27.Nxb7 Rah8 28.Nc5
Kf8 29.Nxe4 fxe4 30.Rg3 Ke8 31.Rc5 Rxh2 32.Rxc6 Qh4 33.Rh3 Rxh3 34.Nxh3 
Qe1+ 35.Kh2 Qxe3 36.Rf6 Ke7 37.Qf2 Qxf2 38.Rxf2 Be6 39.Rc2 Kd6 40.Rc3 Rf8 
41.Kg3 Rg8+ 42.Kf2 c5 43.Rxc5 e3+ 44.Kf3 e2 45.Rc1 Rc8 46.Rh1 Rc2 47.Nf4 
Rxa2 48.Nxe6 1-0

[Event "2nd GMA World Cup prel  #3"]
[Site "Palma de Mallorca"]
[Date "1989.??.??"]
[Round "4"]
[White "King, Daniel John"]
[Black "Van der Wiel, John"]
[Result "1-0"]
[WhiteElo "2495"]
[BlackElo "2545"]
[EventDate "1989.12.??"]
[PlyCount "105"]

1.e4 e5 2.Nf3 Nc6 3.Bb5 a6 4.Ba4 Nf6 5.O-O Be7 6.Re1 b5 7.Bb3 O-O 8.d4 d6 
9.c3 Bg4 10.d5 Na5 11.Bc2 c6 12.h3 Bc8 13.dxc6 Qc7 14.Nbd2 Qxc6 15.Nf1 Nc4
16.Ng3 Re8 17.a4 g6 18.b3 Nb6 19.a5 Nbd7 20.Bd2 Bb7 21.b4 d5 22.exd5 Nxd5 
23.Bb3 Rad8 24.Qc2 Kg7 25.Rad1 Nc7 26.h4 f6 27.h5 Nf8 28.Re4 Nfe6 29.hxg6 
hxg6 30.Rg4 Ng5 31.Bxg5 Rxd1+ 32.Qxd1 fxg5 33.Ne4 Bc8 34.Nxe5 Bxg4 35.Qd4 
Ne6 36.Bxe6 Qxe6 37.Nxg4+ Kh7 38.Ngf6+ Bxf6 39.Nxf6+ Kh6 40.Ng4+ Kh7 41.
Nf6+ Kh6 42.Nxe8 Qe1+ 43.Kh2 Qxe8 44.c4 bxc4 45.Qxc4 Qf8 46.Kg1 Qf6 47.b5 
Qa1+ 48.Qf1 Qxa5 49.bxa6 g4 50.g3 g5 51.Qc4 Kh5 52.Qf7+ Kh6 53.Qb7 1-0

[Event "2nd GMA World Cup prel  #3"]
[Site "Palma de Mallorca"]
[Date "1989.??.??"]
[Round "4"]
[White "Lein, Anatoly"]
[Black "Olafsson, Helgi"]
[Result "1/2-1/2"]
[WhiteElo "2490"]
[BlackElo "2545"]
[EventDate "1989.12.??"]
[PlyCount "82"]

1.c4 c5 2.Nf3 Nf6 3.Nc3 Nc6 4.e3 e6 5.d4 d5 6.cxd5 Nxd5 7.Bc4 cxd4 8.exd4 
Bb4 9.Qd3 Na5 10.Bb5+ Bd7 11.Ne5 Bxb5 12.Qxb5+ Nc6 13.Nxc6 Bxc3+ 14.bxc3 
Qd7 15.Rb1 Qxc6 16.Qxc6+ bxc6 17.Kd2 O-O-O 18.Kc2 Nb6 19.Be3 Rd5 20.Rb4 
Ra5 21.Ra1 Nd5 22.Rb2 e5 23.Rab1 Kd7 24.dxe5 Nxe3+ 25.fxe3 Ke6 26.Rd1 Rc8 
27.Rd4 Rc7 28.Kd3 Rxe5 29.Rb8 g6 30.Re8+ Re7 31.Rxe7+ Kxe7 32.Ra4 Rd5+ 33.
Ke2 a5 34.Ra3 Rb5 35.c4 Rb2+ 36.Kf3 Rc2 37.Rxa5 Rxc4 38.a4 Rc2 39.h4 h5 
40.Ra7+ Ke6 41.a5 Ra2 1/2-1/2

[Event "2nd GMA World Cup prel  #3"]
[Site "Palma de Mallorca"]
[Date "1989.??.??"]
[Round "4"]
[White "Klinger, Josef"]
[Black "Hulak, Krunoslav"]
[Result "1-0"]
[WhiteElo "2475"]
[BlackElo "2550"]
[EventDate "1989.12.??"]
[PlyCount "53"]

1.d4 Nf6 2.Nf3 g6 3.c4 Bg7 4.Nc3 O-O 5.e4 d6 6.h3 c5 7.d5 e6 8.Bd3 exd5 9.
exd5 Re8+ 10.Be3 Nh5 11.O-O f5 12.Qd2 Nd7 13.Rfe1 Ne5 14.Nxe5 Rxe5 15.Be2 
Nf6 16.Bf4 Re8 17.Bd3 a6 18.Rxe8+ Nxe8 19.Re1 Bd7 20.h4 Rc8 21.h5 Bf6 22.
hxg6 hxg6 23.Qe3 Kf7 24.Qh3 Qb6 25.Ne4 Qxb2 26.Qh7+ Bg7 27.Ng5+ 1-0

[Event "2nd GMA World Cup prel  #3"]
[Site "Palma de Mallorca"]
[Date "1989.??.??"]
[Round "4"]
[White "Mohr, Stefan"]
[Black "Murey, Jacob"]
[Result "1-0"]
[WhiteElo "2485"]
[BlackElo "2535"]
[EventDate "1989.12.??"]
[PlyCount "145"]

1.d4 Nf6 2.c4 c6 3.Nc3 d5 4.e3 g6 5.Nf3 Bg7 6.Be2 O-O 7.O-O a6 8.Qb3 dxc4 
9.Bxc4 b5 10.Be2 Nbd7 11.e4 Nb6 12.Bf4 Be6 13.Qc2 Nh5 14.Be3 Bc4 15.b3 
Bxe2 16.Nxe2 Rc8 17.Rac1 e6 18.Rfd1 Nd7 19.Ne5 Nb8 20.Nd3 Nf6 21.Nc5 Qe7 
22.Bg5 Qa7 23.Bxf6 Bxf6 24.e5 Bg5 25.f4 Be7 26.Rd3 Nd7 27.Nxd7 Qxd7 28.Kh1
Rfd8 29.Rcd1 Qb7 30.h3 c5 31.dxc5 Rxd3 32.Qxd3 Rxc5 33.Qd7 Qxd7 34.Rxd7 
Rc2 35.Ng3 Kf8 36.Ra7 Rxa2 37.Ne4 h5 38.Nf6 Bxf6 39.exf6 Kg8 40.Ra8+ Kh7 
41.Rf8 Rf2 42.Rxf7+ Kh6 43.Ra7 Rxf4 44.Rxa6 Rxf6 45.Rb6 Rf5 46.Rxe6 Rf1+ 
47.Kh2 Rb1 48.Re3 h4 49.Re4 Rxb3 50.Rxh4+ Kg5 51.Rd4 b4 52.h4+ Kf5 53.Rd5+
Ke4 54.Rg5 Kd3 55.Rxg6 Rc3 56.h5 Rc5 57.g4 Rb5 58.h6 Rb8 59.g5 b3 60.Rf6 
b2 61.Rf1 Ke4 62.h7 Rh8 63.g6 Ke5 64.Kg3 b1=Q 65.Rxb1 Kf6 66.Rb6+ Kg7 67.
Kf4 Ra8 68.Kf5 Ra5+ 69.Ke6 Ra8 70.Kd7 Ra7+ 71.Kc6 Ra8 72.Kc7 Ra7+ 73.Rb7 
1-0

[Event "2nd GMA World Cup prel  #3"]
[Site "Palma de Mallorca"]
[Date "1989.??.??"]
[Round "4"]
[White "Balashov, Yury"]
[Black "Liberzon, Vladimir"]
[Result "1-0"]
[WhiteElo "2535"]
[BlackElo "2480"]
[EventDate "1989.12.??"]
[PlyCount "78"]

1.e4 c5 2.Nf3 e6 3.d4 cxd4 4.Nxd4 a6 5.Bd3 Nf6 6.O-O d6 7.c4 Be7 8.Nc3 O-O
9.Be3 Nc6 10.Rc1 Bd7 11.Qe2 Ne5 12.Bb1 Qc7 13.b3 Neg4 14.Bg5 Qc5 15.Nf3 h6
16.Bd2 Rfc8 17.Ne1 Qh5 18.h3 Ne5 19.Qxh5 Nxh5 20.f4 Ng6 21.Nd3 b5 22.cxb5 
axb5 23.Ne2 Nf6 24.Nb4 d5 25.exd5 exd5 26.Rxc8+ Rxc8 27.Nd3 Ne4 28.Bb4 Bd8
29.Rc1 Bb6+ 30.Kf1 Rxc1+ 31.Ndxc1 Nh4 32.Nd3 Nf5 33.g4 Ne3+ 34.Ke1 f5 35.
Ne5 Be6 36.Bxe4 dxe4 37.Bd2 Nd5 38.a4 e3 39.Bc1 Ba5+ 1-0

[Event "2nd GMA World Cup prel  #3"]
[Site "Palma de Mallorca"]
[Date "1989.??.??"]
[Round "4"]
[White "Piket, Jeroen"]
[Black "Murshed, Niaz"]
[Result "0-1"]
[WhiteElo "2540"]
[BlackElo "2475"]
[EventDate "1989.12.??"]
[PlyCount "82"]

1.d4 d5 2.Nf3 Nf6 3.c4 e6 4.Nc3 c6 5.Bg5 dxc4 6.e4 b5 7.e5 h6 8.Bh4 g5 9.
exf6 gxh4 10.Ne5 Qxf6 11.g3 Nd7 12.Qe2 c5 13.Qe4 Rb8 14.Nc6 Bb7 15.Nd5 Qd8
16.Nxd8 Bxd5 17.Qf4 Rxd8 18.Rg1 Bg7 19.gxh4 Bxd4 20.O-O-O Ke7 21.Rxd4 cxd4
22.Qxd4 a5 23.Be2 Rc8 24.Rg7 b4 25.Bh5 Rhf8 26.Qa7 b3 27.axb3 cxb3+ 28.Kd2
Kf6 29.Rh7 Rc2+ 30.Ke3 Ne5 31.f4 Nc4+ 32.Kd3 Nxb2+ 33.Ke3 Nc4+ 34.Kd3 Nb2+
35.Ke3 Nc4+ 36.Kd3 e5 37.Rxh6+ Kf5 38.fxe5 Be4+ 39.Kd4 Rd8+ 40.Rd6 Nxd6 
41.Bg4+ Kf4 0-1

[Event "2nd GMA World Cup prel  #3"]
[Site "Palma de Mallorca"]
[Date "1989.??.??"]
[Round "4"]
[White "Douven, Rudy"]
[Black "Velimirovic, Dragoljub"]
[Result "1/2-1/2"]
[WhiteElo "2475"]
[BlackElo "2535"]
[EventDate "1989.12.??"]
[PlyCount "105"]

1.d4 Nf6 2.c4 c5 3.d5 g6 4.Nc3 Bg7 5.e4 O-O 6.Nf3 d6 7.h3 e6 8.Bd3 exd5 9.
exd5 Re8+ 10.Be3 Bh6 11.O-O Bxe3 12.fxe3 Qe7 13.Rf2 Rf8 14.Qd2 Nbd7 15.
Raf1 Ne8 16.e4 Ne5 17.Ne2 Bd7 18.Nxe5 Qxe5 19.Kh1 f6 20.Ng1 Nc7 21.Nf3 Qe7
22.Qc3 b6 23.a3 Ne8 24.b4 Rc8 25.Qb2 Ng7 26.Kh2 Nh5 27.g3 g5 28.Ne1 Qe5 
29.Qxe5 fxe5 30.Rxf8+ Rxf8 31.Rxf8+ Kxf8 32.b5 Kg7 33.Kg2 Nf6 34.Nc2 Be8 
35.g4 h5 36.Kf3 Bg6 37.Ne3 Kf8 38.Nf1 Ke7 39.Ng3 h4 40.Nf1 Nh7 41.Ne3 Nf8 
42.Bf1 Nd7 43.Bd3 Nf6 44.Nf1 Ng8 45.Ne3 Nh6 46.Nf1 Nf7 47.Nd2 Nd8 48.Be2 
Nb7 49.Nb3 Be8 50.Bd3 Kd7 51.Ke3 Nd8 52.Nd2 Nf7 53.Nf3 1/2-1/2

[Event "2nd GMA World Cup prel  #3"]
[Site "Palma de Mallorca"]
[Date "1989.??.??"]
[Round "4"]
[White "Hansen, Curt"]
[Black "Sveshnikov, Evgeny"]
[Result "1-0"]
[WhiteElo "2525"]
[BlackElo "2485"]
[EventDate "1989.12.??"]
[PlyCount "105"]

1.c4 e6 2.d4 d5 3.Nf3 Nf6 4.Bg5 h6 5.Bxf6 Qxf6 6.Nc3 c6 7.e3 Bd6 8.Bd3 Qe7
9.O-O Nd7 10.c5 Bc7 11.e4 dxe4 12.Nxe4 O-O 13.Qe2 Rd8 14.Rad1 Nf8 15.Ng3 
Nd7 16.Ne4 Nf8 17.Nc3 Nd7 18.Bc2 Nf6 19.Ne5 Bd7 20.Ne4 Nd5 21.Nc3 Be8 22.
Nxd5 cxd5 23.Qd3 g6 24.f4 b6 25.cxb6 axb6 26.Bb1 Ra4 27.b3 Ra7 28.Qe3 Bd6 
29.f5 exf5 30.Qxh6 Qf8 31.Qd2 Re7 32.Rc1 Re6 33.Bxf5 Rxe5 34.dxe5 Bxe5 35.
Bxg6 Qd6 36.Bd3 Bxh2+ 37.Kh1 Be5 38.Qg5+ Bg7 39.Rf3 Kf8 40.Re1 Qb4 41.Rfe3
Ra8 42.Rxe8+ Rxe8 43.Rxe8+ Kxe8 44.Qxg7 Qh4+ 45.Kg1 Qe1+ 46.Bf1 Qe3+ 47.
Kh1 d4 48.Qf6 Qc1 49.Kh2 Qc7+ 50.Kg1 Qc5 51.Bc4 d3+ 52.Kf1 d2 53.Ke2 1-0

[Event "2nd GMA World Cup prel  #3"]
[Site "Palma de Mallorca"]
[Date "1989.??.??"]
[Round "4"]
[White "Mikhalchishin, Adrian"]
[Black "Smagin, Sergei"]
[Result "1/2-1/2"]
[WhiteElo "2475"]
[BlackElo "2535"]
[EventDate "1989.12.??"]
[PlyCount "30"]

1.e4 e5 2.Nf3 Nc6 3.Bb5 a6 4.Ba4 d6 5.Bxc6+ bxc6 6.d4 exd4 7.Nxd4 Bd7 8.
O-O Nf6 9.Nc3 Be7 10.Bf4 O-O 11.Re1 Ne8 12.Qd3 Qb8 13.b3 g6 14.Rad1 Ng7 
15.Bh6 Re8 1/2-1/2

[Event "2nd GMA World Cup prel  #3"]
[Site "Palma de Mallorca"]
[Date "1989.??.??"]
[Round "4"]
[White "Kupreichik, Viktor"]
[Black "Sunye Neto, Jaime"]
[Result "1-0"]
[WhiteElo "2520"]
[BlackElo "2480"]
[EventDate "1989.12.??"]
[PlyCount "45"]

1.e4 c5 2.Nc3 a6 3.Nf3 b5 4.d4 cxd4 5.Nxd4 Bb7 6.Bd3 e6 7.O-O Qc7 8.Qe2 
Nc6 9.Nxc6 Qxc6 10.a4 b4 11.Nd5 Nf6 12.Bc4 Bd6 13.Rd1 Bc5 14.Bh6 O-O-O 15.
Bb5 axb5 16.axb5 Qd6 17.Nxf6 Qf8 18.Bxg7 Qxg7 19.Qc4 d6 20.Rxd6 Qg5 21.Nd5
exd5 22.Qxc5+ Kb8 23.Rc6 1-0

[Event "2nd GMA World Cup prel  #3"]
[Site "Palma de Mallorca"]
[Date "1989.??.??"]
[Round "4"]
[White "Barlov, Dragan"]
[Black "Kochiev, Alexander"]
[Result "0-1"]
[WhiteElo "2520"]
[BlackElo "2475"]
[EventDate "1989.12.??"]
[PlyCount "72"]

1.d4 Nf6 2.Nf3 g6 3.c4 Bg7 4.Nc3 O-O 5.e4 d6 6.Be2 e5 7.O-O Na6 8.Be3 Ng4 
9.Bg5 Qe8 10.dxe5 dxe5 11.h3 h6 12.Bd2 Nf6 13.Be3 Nd7 14.Qc1 Kh7 15.Qb1 c6
16.Nd2 Qe7 17.Re1 f5 18.exf5 gxf5 19.f4 e4 20.Nb3 Ndc5 21.Nxc5 Nxc5 22.Qc2
Be6 23.Rad1 Bf7 24.Bf1 Rad8 25.Rxd8 Rxd8 26.Rd1 Ne6 27.Rxd8 Qxd8 28.Qd1 
Nd4 29.Qd2 c5 30.b3 a6 31.Na4 b6 32.b4 cxb4 33.Qxb4 Nc2 34.Qd2 Qxd2 35.
Bxd2 Be8 36.Nc3 e3 0-1

[Event "2nd GMA World Cup prel  #3"]
[Site "Palma de Mallorca"]
[Date "1989.??.??"]
[Round "4"]
[White "Bilek, Istvan"]
[Black "Azmaiparashvili, Zurab"]
[Result "1/2-1/2"]
[WhiteElo "2420"]
[BlackElo "2575"]
[EventDate "1989.12.??"]
[PlyCount "126"]

1.Nf3 g6 2.d4 Bg7 3.Bf4 d6 4.c3 Nd7 5.e3 e5 6.Bg3 Qe7 7.Na3 f5 8.Qa4 c6 9.
dxe5 dxe5 10.O-O-O Ngf6 11.Qb4 Ne4 12.Nc4 a5 13.Nd6+ Nxd6 14.Qxd6 Qxd6 15.
Rxd6 Ke7 16.Rd2 a4 17.Be2 Bf6 18.Rhd1 Ra5 19.Ne1 Nc5 20.f3 Be6 21.Kb1 Rha8
22.Nc2 a3 23.b3 Ke8 24.Be1 R5a7 25.Rd6 Ke7 26.c4 Nxb3 27.Bb4 c5 28.Bxa3 
Rxa3 29.Nxa3 Rxa3 30.Kb2 Nd4 31.Rxe6+ Kxe6 32.Kxa3 Nxe2 33.Rb1 Bg5 34.Rb6+
Kd7 35.Rxb7+ Kd6 36.Rb6+ Kc7 37.Re6 Bxe3 38.Rxe5 Nd4 39.Ka4 Bg1 40.Re7+ 
Kd6 41.Rxh7 Be3 42.h4 Ke5 43.Re7+ Kf4 44.Rg7 Bf2 45.Rxg6 Bxh4 46.Ka5 Bd8+ 
47.Ka6 Ke3 48.Rg8 Bc7 49.Rc8 Bd6 50.Rd8 Bf4 51.Kb6 Kf2 52.a4 Bd2 53.Rg8 
Nb3 54.Kc6 f4 55.Kd5 Bb4 56.Ke4 Nd2+ 57.Kd3 Nb3 58.Rg4 Nc1+ 59.Ke4 Ne2 60.
Rg5 Nc3+ 61.Kxf4 Nxa4 62.Ke4 Nb2 63.f4 Nxc4 1/2-1/2

[Event "2nd GMA World Cup prel  #3"]
[Site "Palma de Mallorca"]
[Date "1989.??.??"]
[Round "4"]
[White "Csom, Istvan"]
[Black "Savon, Vladimir"]
[Result "1/2-1/2"]
[WhiteElo "2530"]
[BlackElo "2465"]
[EventDate "1989.12.??"]
[PlyCount "85"]

1.c4 e5 2.g3 Nf6 3.Bg2 d5 4.cxd5 Nxd5 5.Nc3 Nb6 6.Nf3 Nc6 7.O-O Be7 8.a3 
O-O 9.b4 Re8 10.Rb1 Bf8 11.d3 Nd4 12.Nd2 c6 13.e3 Nb5 14.Qc2 Nxc3 15.Qxc3 
Be6 16.Nb3 Nd5 17.Qc2 Qd7 18.Bb2 Bh3 19.Bxh3 Qxh3 20.e4 Nf4 21.f3 Ng6 22.
Rbd1 Rad8 23.d4 exd4 24.Bxd4 a6 25.Na5 Qc8 26.Kg2 Re6 27.Bc5 Ree8 28.Bb6 
Rxd1 29.Rxd1 Be7 30.Qd2 Nf8 31.Nb3 h6 32.Qd3 Bf6 33.Rd2 Be5 34.Na5 Bc7 35.
Qe3 Ne6 36.Bxc7 Qxc7 37.Qa7 Re7 38.Nb3 Rd7 39.Qe3 Rxd2+ 40.Qxd2 Kf8 41.Qc3
b6 42.f4 Qd6 43.Kf2 1/2-1/2

[Event "2nd GMA World Cup prel  #3"]
[Site "Palma de Mallorca"]
[Date "1989.??.??"]
[Round "4"]
[White "Browne, Walter Shawn"]
[Black "Lukov, Valentin"]
[Result "1/2-1/2"]
[WhiteElo "2555"]
[BlackElo "2435"]
[EventDate "1989.12.??"]
[PlyCount "77"]

1.d4 Nf6 2.c4 e6 3.Nf3 d5 4.Nc3 Be7 5.Bg5 Nbd7 6.cxd5 exd5 7.e3 c6 8.Qc2 
O-O 9.Bd3 Re8 10.O-O Nf8 11.Ne5 Ng4 12.Bxe7 Qxe7 13.Nxg4 Bxg4 14.Rae1 Bh5 
15.f4 f6 16.Qf2 Bg6 17.f5 Bf7 18.Kh1 a6 19.Rg1 c5 20.g4 h6 21.h4 Nh7 22.a3
b5 23.e4 cxd4 24.Nxd5 Bxd5 25.exd5 Qc5 26.Re6 Qxd5+ 27.Be4 Qxe4+ 28.Rxe4 
Rxe4 29.Qf3 Rae8 30.Qb3+ Kh8 31.Qd5 h5 32.Qf7 hxg4 33.Rxg4 R8e7 34.Qd5 
Re1+ 35.Kh2 R1e2+ 36.Rg2 R2e4 37.Rg4 Re2+ 38.Rg2 R7e4 39.Kh3 1/2-1/2

[Event "2nd GMA World Cup prel  #3"]
[Site "Palma de Mallorca"]
[Date "1989.??.??"]
[Round "4"]
[White "Groszpeter, Attila"]
[Black "Inkiov, Ventzislav"]
[Result "1-0"]
[WhiteElo "2515"]
[BlackElo "2475"]
[EventDate "1989.12.??"]
[PlyCount "129"]

1.d4 Nf6 2.c4 e6 3.Nc3 d5 4.Bg5 c5 5.cxd5 cxd4 6.Qxd4 Be7 7.e4 Nc6 8.Qd2 
Nxd5 9.Bxe7 Ndxe7 10.Qxd8+ Nxd8 11.O-O-O Ndc6 12.f4 O-O 13.Nf3 b6 14.Bb5 
Bb7 15.Rd7 Rab8 16.Rhd1 Rfc8 17.Kb1 h6 18.g3 Ng6 19.Bxc6 Rxc6 20.Rd8+ Rxd8
21.Rxd8+ Kh7 22.f5 exf5 23.exf5 Nh8 24.Nd4 Rc5 25.g4 h5 26.g5 h4 27.Kc1 
Be4 28.g6+ fxg6 29.Ne6 Rxc3+ 30.bxc3 Bxf5 31.Ng5+ Kh6 32.Nf3 Nf7 33.Rf8 
Be6 34.Nxh4 Bxa2 35.Ra8 Bd5 36.Rxa7 Ne5 37.Re7 Ng4 38.Re2 b5 39.Ng2 Bc4 
40.Re4 Kg5 41.h4+ Kh5 42.Re7 Bf1 43.Ne1 Kxh4 44.Nf3+ Kg3 45.Nd4 Bc4 46.
Rxg7 Ne5 47.Nc6 Nxc6 48.Rxg6+ Kf4 49.Rxc6 Ke3 50.Rd6 Bd3 51.Re6+ Be4 52.
Re5 Kd3 53.Kb2 Bc6 54.Rc5 Be8 55.Re5 Bc6 56.Kb3 Kd2 57.Rc5 Be8 58.Rd5+ Kc1
59.Re5 Bc6 60.Rc5 Be8 61.Re5 Bc6 62.Kb4 Kc2 63.Re2+ Kd3 64.Re6 Bg2 65.Rb6 
1-0

[Event "2nd GMA World Cup prel  #3"]
[Site "Palma de Mallorca"]
[Date "1989.??.??"]
[Round "4"]
[White "Cvitan, Ognjen"]
[Black "Barbero, Gerardo"]
[Result "1/2-1/2"]
[WhiteElo "2515"]
[BlackElo "2475"]
[EventDate "1989.12.??"]
[PlyCount "41"]

1.d4 Nf6 2.c4 e6 3.Nf3 b6 4.g3 Bb7 5.Bg2 Be7 6.Nc3 Ne4 7.Bd2 f5 8.O-O O-O 
9.d5 Bf6 10.Rc1 c5 11.Qb3 Nxc3 12.Bxc3 exd5 13.cxd5 d6 14.Nd2 Nd7 15.f4 
Ba6 16.Rfe1 b5 17.Qc2 Qb6 18.Kh1 Rae8 19.Bxf6 Nxf6 20.Qxf5 Ne4 21.Qxf8+ 
1/2-1/2

[Event "2nd GMA World Cup prel  #3"]
[Site "Palma de Mallorca"]
[Date "1989.??.??"]
[Round "4"]
[White "Vaiser, Anatoly"]
[Black "Ochoa de Echaguen, Javier"]
[Result "1/2-1/2"]
[WhiteElo "2555"]
[BlackElo "2435"]
[EventDate "1989.12.??"]
[PlyCount "163"]

1.Nf3 f5 2.g3 Nf6 3.Bg2 e6 4.O-O Be7 5.d3 O-O 6.Nbd2 d6 7.e4 fxe4 8.dxe4 
e5 9.c3 Qe8 10.Nh4 Nc6 11.Nc4 Qh5 12.Qxh5 Nxh5 13.Nf5 Bd8 14.a4 Nf6 15.
Nfe3 Be6 16.b4 Nb8 17.Rd1 Nbd7 18.f3 Nb6 19.Na5 Rb8 20.c4 Bd7 21.b5 Be6 
22.c5 dxc5 23.Bf1 Nfd7 24.Kg2 Bg5 25.h4 Bh6 26.Nac4 Bxe3 27.Nxe3 Rbd8 28.
a5 Nc8 29.Bc4 Bxc4 30.Nxc4 Nd6 31.Nxd6 cxd6 32.Rxd6 Nf6 33.Rxd8 Rxd8 34.
Be3 b6 35.axb6 axb6 36.Ra6 Rd3 37.Kf2 Nd7 38.Ra7 Kf7 39.Ke2 Rd6 40.f4 Kf8 
41.Rc7 h5 42.Bd2 Ke8 43.Bc3 Rg6 44.Kf3 Rd6 45.Ke3 Rg6 46.fxe5 Kd8 47.Ra7 
Rxg3+ 48.Kd2 c4 49.e6 Nc5 50.e7+ Ke8 51.Bb4 Nxe4+ 52.Ke2 Nf6 53.Ra8+ Kd7 
54.Rd8+ Ke6 55.Rf8 Kd7 56.Rd8+ Ke6 57.e8=Q+ Nxe8 58.Rxe8+ Kd5 59.Rd8+ Ke4 
60.Re8+ Kd5 61.Re3 Rg4 62.Be7 Kd4 63.Re6 Kd5 64.Rd6+ Kc5 65.Re6+ Kd5 66.
Re3 Kd4 67.Bd8 Rg2+ 68.Kf3 Rg6 69.Bc7 Kc5 70.Re5+ Kb4 71.Rxh5 c3 72.Bf4 
Rg1 73.Rh8 Rf1+ 74.Ke4 Kxb5 75.Rg8 Rh1 76.Bg5 Kc4 77.Rxg7 b5 78.Rc7+ Kb3 
79.Kf5 b4 80.Kg6 Kc2 81.Bf6 Rh3 82.h5 1/2-1/2

[Event "2nd GMA World Cup prel  #3"]
[Site "Palma de Mallorca"]
[Date "1989.??.??"]
[Round "4"]
[White "Naumkin, Igor"]
[Black "Conquest, Stuart"]
[Result "1/2-1/2"]
[WhiteElo "2470"]
[BlackElo "2515"]
[EventDate "1989.12.??"]
[PlyCount "129"]

1.d4 d5 2.c4 c6 3.cxd5 cxd5 4.Nc3 Nf6 5.Nf3 Nc6 6.Bf4 a6 7.e3 Bg4 8.h3 
Bxf3 9.Qxf3 e6 10.Bd3 h6 11.Bg3 Bd6 12.Bh4 Be7 13.O-O O-O 14.Qe2 Rc8 15.
Rac1 Ne4 16.Bxe7 Nxc3 17.bxc3 Qxe7 18.c4 dxc4 19.Bxc4 b5 20.Bd3 Nb4 21.Bb1
Qd6 22.h4 Nd5 23.Qd3 f5 24.g3 b4 25.e4 Nc3 26.exf5 exf5 27.Bc2 Rcd8 28.
Rce1 a5 29.Qf3 Qxd4 30.Bxf5 Kh8 31.Qh5 Qf6 32.g4 Nd5 33.Bb1 Nf4 34.Qf5 
Qxf5 35.Bxf5 Rd2 36.Re4 Ne2+ 37.Kg2 Nd4 38.Bg6 Nf3 39.Kg3 Rxa2 40.Re3 Nd4 
41.g5 Re2 42.Rd3 Nc6 43.Rd6 Ne7 44.gxh6 gxh6 45.Bd3 Rd2 46.Rxh6+ Kg7 47.
Rh7+ Kf6 48.Rh6+ Kg7 49.Rh7+ Kf6 50.Rh6+ Ke5 51.Bb1 Kd4 52.Ra6 Rg8+ 53.Kh3
Nd5 54.Rxa5 Nf4+ 55.Kh2 Rg2+ 56.Kh1 Rgxf2 57.Rxf2 Rxf2 58.Ba2 Rf1+ 59.Kh2 
Ra1 60.Ra8 Nd5 61.h5 Nf6 62.Rd8+ Kc3 63.Bf7 Ra5 64.Rc8+ Kb2 65.Rc4 1/2-1/2